[Event "Leyland FIDE"]
[Site "Leyland, Lancashire"]
[Date "2019.12.14"]
[Round "1.1"]
[White "Kobryn, Peter J"]
[Black "Sandhu, Manvith"]
[Result "0-1"]
[WhiteElo "1888"]
[BlackElo "1673"]

1. Nf3 {[%clk 01:00:30]} {[%emt 00:44:26]} d5 {[%clk 01:00:30]} {[%emt
00:00:06]} 2. d4 {[%clk 01:01:10]} {[%emt 00:00:49]} Nf6 {[%clk 01:01:22]}
{[%emt 00:00:08]} 3. c4 {[%clk 01:01:25]} {[%emt 00:00:15]} c6 {[%clk
01:01:47]} {[%emt 00:00:05]} 4. Nc3 {[%clk 01:01:27]} {[%emt 00:00:28]} e6
{[%clk 01:02:05]} {[%emt 00:00:12]} 5. Bg5 {[%clk 00:59:52]} {[%emt 00:02:04]}
h6 {[%clk 01:02:24]} {[%emt 00:00:11]} 6. Bxf6 {[%clk 00:59:54]} {[%emt
00:00:28]} Qxf6 {[%clk 01:02:44]} {[%emt 00:00:09]} 7. e3 {[%clk 01:00:19]}
{[%emt 00:00:05]} g6 {[%clk 01:03:00]} {[%emt 00:00:15]} 8. Bd3 {[%clk
00:59:42]} {[%emt 00:01:07]} Bg7 {[%clk 01:03:08]} {[%emt 00:00:22]} 9. O-O
{[%clk 00:59:57]} {[%emt 00:00:15]} Qe7 {[%clk 01:03:28]} {[%emt 00:00:10]} 10.
Rc1 {[%clk 00:59:40]} {[%emt 00:00:46]} Nd7 {[%clk 01:03:20]} {[%emt 00:00:38]}
11. cxd5 {[%clk 00:59:32]} {[%emt 00:00:39]} exd5 {[%clk 01:03:10]} {[%emt
00:00:40]} 12. Qc2 {[%clk 00:58:44]} {[%emt 00:01:17]} O-O {[%clk 01:02:42]}
{[%emt 00:00:58]} 13. Rfe1 {[%clk 00:56:17]} {[%emt 00:02:56]} Nf6 {[%clk
00:58:03]} {[%emt 00:05:09]} 14. e4 {[%clk 00:52:40]} {[%emt 00:04:07]} dxe4
{[%clk 00:57:19]} {[%emt 00:01:15]} 15. Nxe4 {[%clk 00:53:04]} {[%emt
00:00:06]} Nxe4 {[%clk 00:56:34]} {[%emt 00:01:15]} 16. Bxe4 {[%clk 00:47:45]}
{[%emt 00:05:49]} Qd6 {[%clk 00:56:24]} {[%emt 00:00:40]} 17. Qb3 {[%clk
00:47:20]} {[%emt 00:00:54]} Rb8 {[%clk 00:54:59]} {[%emt 00:01:56]} 18. h3
{[%clk 00:33:08]} {[%emt 00:14:42]} Be6 {[%clk 00:54:24]} {[%emt 00:01:06]} 19.
Qe3 {[%clk 00:28:39]} {[%emt 00:04:58]} Rbd8 {[%clk 00:53:43]} {[%emt
00:01:11]} 20. Red1 {[%clk 00:26:59]} {[%emt 00:02:11]} a6 {[%clk 00:52:28]}
{[%emt 00:01:45]} 21. Bb1 {[%clk 00:23:39]} {[%emt 00:03:49]} Rfe8 {[%clk
00:51:23]} {[%emt 00:01:35]} 22. Ne5 {[%clk 00:22:25]} {[%emt 00:01:45]} Bd5
{[%clk 00:48:31]} {[%emt 00:03:22]} 23. Qg3 {[%clk 00:20:21]} {[%emt 00:02:33]}
Bxe5 {[%clk 00:47:27]} {[%emt 00:01:34]} 24. dxe5 {[%clk 00:20:44]} {[%emt
00:00:08]} Qxe5 {[%clk 00:47:37]} {[%emt 00:00:20]} 25. Qxe5 {[%clk 00:20:14]}
{[%emt 00:01:00]} Rxe5 {[%clk 00:47:57]} {[%emt 00:00:10]} 26. Re1 {[%clk
00:20:36]} {[%emt 00:00:07]} Rde8 {[%clk 00:48:02]} {[%emt 00:00:26]} 27. Rxe5
{[%clk 00:20:57]} {[%emt 00:00:09]} Rxe5 {[%clk 00:48:23]} {[%emt 00:00:09]} 28.
Kf1 {[%clk 00:21:20]} {[%emt 00:00:07]} Kg7 {[%clk 00:47:58]} {[%emt 00:00:56]}
29. b3 {[%clk 00:21:45]} {[%emt 00:00:06]} Kf6 {[%clk 00:46:48]} {[%emt
00:01:40]} 30. Bd3 {[%clk 00:22:06]} {[%emt 00:00:08]} Kg5 {[%clk 00:43:04]}
{[%emt 00:04:13]} 31. g3 {[%clk 00:20:31]} {[%emt 00:02:05]} Kf6 {[%clk
00:42:32]} {[%emt 00:01:00]} 32. Bc4 {[%clk 00:18:38]} {[%emt 00:02:26]} Bxc4+
{[%clk 00:40:34]} {[%emt 00:02:28]} 33. Rxc4 {[%clk 00:19:01]} {[%emt
00:00:08]} a5 {[%clk 00:37:43]} {[%emt 00:03:21]} 34. Rc3 {[%clk 00:16:46]}
{[%emt 00:02:45]} Ke6 {[%clk 00:36:38]} {[%emt 00:01:34]} 35. Rc4 {[%clk
00:16:57]} {[%emt 00:00:20]} f5 {[%clk 00:35:21]} {[%emt 00:01:47]} 36. h4
{[%clk 00:17:02]} {[%emt 00:00:25]} h5 {[%clk 00:35:15]} {[%emt 00:00:35]} 37.
Rc3 {[%clk 00:16:58]} {[%emt 00:00:34]} Kd6 {[%clk 00:30:53]} {[%emt 00:04:53]}
38. Rc4 {[%clk 00:17:14]} {[%emt 00:00:14]} b5 {[%clk 00:26:47]} {[%emt
00:04:35]} 39. Rc3 {[%clk 00:17:27]} {[%emt 00:00:17]} Re6 {[%clk 00:23:01]}
{[%emt 00:04:16]} 40. Rc2 {[%clk 00:17:09]} {[%emt 00:00:48]} Kd5 {[%clk
00:22:48]} {[%emt 00:00:43]} 41. a3 {[%clk 00:15:28]} {[%emt 00:02:12]} c5
{[%clk 00:21:34]} {[%emt 00:01:43]} 42. Rd2+ {[%clk 00:15:36]} {[%emt
00:00:22]} Kc6 {[%clk 00:20:46]} {[%emt 00:01:17]} 43. Rd8 {[%clk 00:16:00]}
{[%emt 00:00:06]} c4 {[%clk 00:19:44]} {[%emt 00:01:33]} 44. bxc4 {[%clk
00:10:14]} {[%emt 00:06:17]} bxc4 {[%clk 00:20:03]} {[%emt 00:00:11]} 45. Rb8
{[%clk 00:10:36]} {[%emt 00:00:08]} Kc5 {[%clk 00:19:56]} {[%emt 00:00:35]} 46.
a4 {[%clk 00:10:52]} {[%emt 00:00:16]} c3 {[%clk 00:19:45]} {[%emt 00:00:40]}
47. Rb5+ {[%clk 00:07:54]} {[%emt 00:03:28]} Kc4 {[%clk 00:19:43]} {[%emt
00:00:32]} 48. Rb7 {[%clk 00:08:08]} {[%emt 00:00:16]} c2 {[%clk 00:18:44]}
{[%emt 00:01:30]} 49. Rc7+ {[%clk 00:08:20]} {[%emt 00:00:18]} Kb3 {[%clk
00:18:58]} {[%emt 00:00:13]} 50. Rxc2 {[%emt 00:01:29]} 0-1

[Event "Leyland FIDE"]
[Site "Leyland, Lancashire"]
[Date "2019.12.14"]
[Round "1.2"]
[White "Pelling, Kyle"]
[Black "Giles, Yasmin"]
[Result "0-1"]
[WhiteElo "1644"]
[BlackElo "1881"]

1. e4 {[%clk 01:00:30]} {[%emt 00:00:02]} c6 {[%clk 01:00:30]} {[%emt
00:00:03]} 2. d4 {[%clk 01:00:30]} {[%emt 00:00:12]} d5 {[%clk 01:00:30]}
{[%emt 00:00:03]} 3. exd5 {[%clk 01:00:30]} {[%emt 00:00:07]} cxd5 {[%clk
01:00:30]} {[%emt 00:00:06]} 4. c4 {[%clk 01:00:30]} {[%emt 00:00:07]} Nf6
{[%clk 01:00:30]} {[%emt 00:00:27]} 5. Nc3 {[%clk 01:00:30]} {[%emt 00:00:08]}
Nc6 {[%clk 01:00:30]} {[%emt 00:00:06]} 6. Nf3 {[%clk 01:00:30]} {[%emt
00:00:06]} e6 {[%clk 01:00:30]} {[%emt 00:00:09]} 7. Bg5 {[%clk 00:58:44]}
{[%emt 00:02:15]} Be7 {[%clk 00:57:07]} {[%emt 00:03:55]} 8. Be2 {[%clk
00:57:32]} {[%emt 00:01:42]} O-O {[%clk 00:54:19]} {[%emt 00:03:19]} 9. O-O
{[%clk 00:57:32]} {[%emt 00:00:07]} b6 {[%clk 00:51:43]} {[%emt 00:03:06]} 10.
Re1 {[%clk 00:55:53]} {[%emt 00:02:08]} dxc4 {[%clk 00:48:28]} {[%emt
00:03:46]} 11. Bxc4 {[%clk 00:55:46]} {[%emt 00:00:36]} Bb7 {[%clk 00:48:13]}
{[%emt 00:00:46]} 12. Qd2 {[%clk 00:53:28]} {[%emt 00:02:46]} Rc8 {[%clk
00:44:01]} {[%emt 00:04:44]} 13. Rad1 {[%clk 00:44:51]} {[%emt 00:09:06]} Nb4
{[%clk 00:40:59]} {[%emt 00:03:32]} 14. Be2 {[%clk 00:42:02]} {[%emt 00:03:18]}
Nbd5 {[%clk 00:39:37]} {[%emt 00:01:54]} 15. Ne5 {[%clk 00:40:33]} {[%emt
00:01:57]} Nxc3 {[%clk 00:35:03]} {[%emt 00:05:06]} 16. bxc3 {[%clk 00:38:53]}
{[%emt 00:02:08]} Ne4 {[%clk 00:34:11]} {[%emt 00:01:23]} 17. Bxe7 {[%clk
00:36:55]} {[%emt 00:02:29]} Qxe7 {[%clk 00:34:11]} {[%emt 00:00:12]} 18. Qf4
{[%clk 00:34:33]} {[%emt 00:02:51]} Nxc3 {[%clk 00:31:51]} {[%emt 00:02:52]} 19.
Rd2 {[%clk 00:32:54]} {[%emt 00:02:08]} Nd5 {[%clk 00:26:45]} {[%emt 00:05:36]}
20. Qg4 {[%clk 00:30:02]} {[%emt 00:03:21]} Qb4 {[%clk 00:17:30]} {[%emt
00:09:45]} 21. Nf3 {[%clk 00:20:27]} {[%emt 00:10:04]} Nf6 {[%clk 00:13:22]}
{[%emt 00:04:39]} 22. Qf4 {[%clk 00:18:47]} {[%emt 00:02:10]} Bxf3 {[%clk
00:09:11]} {[%emt 00:04:42]} 23. Bxf3 {[%clk 00:15:48]} {[%emt 00:03:28]} Rc2
{[%clk 00:07:11]} {[%emt 00:02:30]} 24. Red1 {[%clk 00:13:19]} {[%emt
00:03:00]} Rxd2 {[%clk 00:07:11]} {[%emt 00:00:14]} 25. Qxd2 {[%clk 00:13:19]}
{[%emt 00:00:22]} Qxd2 {[%clk 00:07:11]} {[%emt 00:00:19]} 26. Rxd2 {[%clk
00:13:19]} {[%emt 00:00:04]} Rc8 {[%clk 00:07:11]} {[%emt 00:00:08]} 27. g3
{[%clk 00:13:04]} {[%emt 00:00:45]} Kf8 {[%clk 00:07:11]} {[%emt 00:00:13]} 28.
Re2 {[%clk 00:10:59]} {[%emt 00:02:33]} Rd8 {[%clk 00:07:04]} {[%emt 00:00:39]}
29. Rd2 {[%clk 00:10:30]} {[%emt 00:00:59]} e5 {[%clk 00:07:04]} {[%emt
00:00:29]} 30. d5 {[%clk 00:09:21]} {[%emt 00:01:37]} e4 {[%clk 00:07:04]}
{[%emt 00:00:16]} 31. Bg2 {[%clk 00:09:16]} {[%emt 00:00:34]} Rxd5 {[%clk
00:07:04]} {[%emt 00:00:11]} 32. Rxd5 {[%clk 00:09:16]} {[%emt 00:00:11]} Nxd5
{[%clk 00:07:04]} {[%emt 00:00:05]} 33. Bxe4 {[%clk 00:09:16]} {[%emt
00:00:09]} Nc3 {[%clk 00:07:04]} {[%emt 00:00:06]} 34. Bd3 {[%clk 00:07:49]}
{[%emt 00:01:56]} Nxa2 {[%clk 00:07:04]} {[%emt 00:00:06]} 35. Kf1 {[%emt
00:01:44]} h6 {[%emt 00:00:15]} 36. Ke1 {[%emt 00:00:29]} Nb4 {[%emt 00:00:33]}
37. Bc4 {[%emt 00:00:38]} Ke7 {[%emt 00:00:22]} 38. Kd2 {[%emt 00:00:08]} Nc6
{[%emt 00:00:16]} 39. Kc3 {[%emt 00:00:23]} f6 {[%emt 00:00:29]} 40. Bb5 {[%emt
00:01:12]} Kd6 {[%emt 00:00:27]} 41. Kc4 {[%emt 00:00:41]} Ne5+ {[%emt
00:00:33]} 42. Kb4 {[%emt 00:00:22]} a5+ {[%emt 00:00:10]} 43. Ka4 {[%emt
00:00:42]} Kc5 {[%emt 00:00:12]} 44. Be2 {[%emt 00:00:31]} Nc4 {[%emt
00:00:31]} 45. f4 {[%emt 00:01:24]} b5+ {[%emt 00:00:13]} 46. Kb3 {[%emt
00:00:13]} a4+ {[%emt 00:00:34]} 47. Kc3 {[%emt 00:00:26]} b4+ {[%emt
00:00:20]} 48. Kc2 {[%emt 00:00:17]} Kd4 {[%emt 00:00:09]} 49. Kb1 {[%emt
00:00:18]} Kc3 {[%emt 00:00:38]} 50. Bd1 {[%emt 00:00:28]} b3 {[%emt 00:00:26]}
51. h3 {[%emt 00:00:19]} Nd2+ {[%emt 00:00:30]} 0-1

[Event "Leyland FIDE"]
[Site "Leyland, Lancashire"]
[Date "2019.12.14"]
[Round "1.3"]
[White "Burns, Martin J"]
[Black "De Santos, Andrew R"]
[Result "1-0"]
[WhiteElo "1868"]
[BlackElo "1635"]
[PlyCount "39"]
[EventDate "2019.??.??"]

1. e4 {[%emt 0:25:46]} c5 {[%emt 0:00:02]} 2. Nf3 {[%emt 0:00:20]} d6 {[%emt 0:
00:07]} 3. Bb5+ {[%emt 0:00:52]} Bd7 {[%emt 0:01:07]} 4. Bxd7+ {[%emt 0:00:09]}
Nxd7 {[%emt 0:00:11]} 5. O-O {[%emt 0:00:05]} Nb6 {[%emt 0:00:57]} 6. d3 {
[%emt 0:01:28]} Nf6 {[%emt 0:00:18]} 7. Nc3 {[%emt 0:01:13]} g6 {[%emt 0:00:07]
} 8. Bg5 {[%emt 0:01:04]} Bg7 {[%emt 0:00:08]} 9. Qd2 {[%emt 0:00:38]} O-O {
[%emt 0:00:19]} 10. Bh6 {[%emt 0:01:13]} a6 {[%emt 0:05:00]} 11. Rae1 {[%emt 0:
06:34]} Qc7 {[%emt 0:00:48]} 12. Bxg7 {[%emt 0:00:38]} Kxg7 {[%emt 0:00:10]}
13. Nh4 {[%emt 0:09:32]} Rae8 {[%emt 0:00:08]} 14. f4 {[%emt 0:08:20]} e5 {
[%emt 0:01:11]} 15. f5 {[%emt 0:07:32]} Nc8 {[%emt 0:03:11]} 16. Qg5 {[%emt 0:
07:26]} h6 {[%emt 0:01:10]} 17. Qxf6+ {[%emt 0:00:17]} Kxf6 {[%emt 0:00:46]}
18. Nd5+ {[%emt 0:00:05]} Kg5 {[%emt 0:01:25]} 19. Nf3+ {[%emt 0:00:19]} Kh5
20. Nf6# 1-0

[Event "Leyland FIDE"]
[Site "Leyland, Lancashire"]
[Date "2019.12.14"]
[Round "1.4"]
[White "Connor, Michael I"]
[Black "Cukovs, Oleg"]
[Result "1-0"]
[WhiteElo "1600"]
[BlackElo "1844"]

1. d4 {[%emt 00:44:31]} d5 {[%emt 00:00:11]} 2. c4 {[%emt 00:00:08]} dxc4
{[%emt 00:00:11]} 3. e4 {[%emt 00:00:13]} Nf6 {[%emt 00:00:10]} 4. e5 {[%emt
00:00:59]} Nd5 {[%emt 00:00:07]} 5. Bxc4 {[%emt 00:00:07]} Nc6 {[%emt
00:00:10]} 6. Nf3 {[%emt 00:01:59]} Nb6 {[%emt 00:04:23]} 7. Bb3 {[%emt
00:00:48]} e6 {[%emt 00:00:26]} 8. O-O {[%emt 00:00:53]} Be7 {[%emt 00:00:28]}
9. Nc3 {[%emt 00:00:40]} Nb4 {[%emt 00:01:58]} 10. Bd2 {[%emt 00:03:51]} Bd7
{[%emt 00:02:58]} 11. a3 {[%emt 00:01:57]} N4d5 {[%emt 00:00:09]} 12. Ne4
{[%emt 00:00:34]} Bc6 {[%emt 00:03:17]} 13. Re1 {[%emt 00:01:35]} O-O {[%emt
00:02:06]} 14. Qc2 {[%emt 00:02:07]} h6 {[%emt 00:02:34]} 15. Rac1 {[%emt
00:02:14]} Qe8 {[%emt 00:02:51]} 16. Nc5 {[%emt 00:02:25]} Nd7 {[%emt
00:01:38]} 17. Ba2 {[%emt 00:10:26]} Nxc5 {[%emt 00:03:43]} 18. dxc5 {[%emt
00:05:02]} Bd7 {[%emt 00:07:16]} 19. Nd4 {[%emt 00:05:43]} Bg5 {[%emt
00:05:25]} 20. Bxg5 {[%emt 00:05:23]} hxg5 {[%emt 00:00:16]} 21. Re4 {[%emt
00:00:54]} Nf4 {[%emt 00:03:43]} 22. g3 {[%emt 00:02:08]} Ng6 {[%emt 00:00:09]}
23. Rce1 {[%emt 00:01:25]} Rd8 {[%emt 00:02:56]} 24. Rg4 {[%emt 00:02:28]} Qe7
{[%emt 00:03:27]} 25. Nf3 {[%emt 00:00:33]} Bc6 {[%emt 00:08:14]} 26. Nxg5
{[%emt 00:01:10]} Qd7 {[%emt 00:00:15]} 27. Nxe6 {[%emt 00:05:19]} Qd2 {[%emt
00:01:24]} 28. Qxd2 {[%emt 00:02:12]} Rxd2 {[%emt 00:00:02]} 29. Nxf8 {[%emt
00:00:16]} Kxf8 {[%emt 00:00:07]} 30. Bb1 {[%emt 00:02:28]} Nxe5 {[%emt
00:00:26]} 31. Rf4 {[%emt 00:02:53]} Nf3+ {[%emt 00:01:40]} 32. Rxf3 {[%emt
00:00:03]} Bxf3 {[%emt 00:00:07]} 33. b4 {[%emt 00:00:41]} b6 {[%emt 00:00:57]}
34. cxb6 {[%emt 00:00:29]} axb6 {[%emt 00:00:17]} 35. Be4 {[%emt 00:01:53]} Rd1
{[%emt 00:01:44]} 36. Rxd1 {[%emt 00:00:51]} Bxd1 {[%emt 00:00:02]} 37. Kf1
{[%emt 00:00:17]} Ke7 {[%emt 00:00:28]} 38. Ke1 {[%emt 00:00:03]} Ba4 {[%emt
00:00:19]} 39. Kd2 {[%emt 00:00:24]} Ke6 {[%emt 00:00:24]} 40. f4 {[%emt
00:00:30]} Kd6 {[%emt 00:00:33]} 41. g4 {[%emt 00:01:28]} f6 {[%emt 00:00:35]}
42. h4 {[%emt 00:00:44]} c5 {[%emt 00:00:23]} 43. Kc3 {[%emt 00:00:35]} Bd7
{[%emt 00:02:29]} 44. g5 {[%emt 00:00:47]} f5 {[%emt 00:00:07]} 45. Bd3 {[%emt
00:00:59]} g6 {[%emt 00:00:29]} 46. Bc4 {[%emt 00:00:51]} Be8 {[%emt 00:00:07]}
47. Bg8 {[%emt 00:02:42]} cxb4+ {[%emt 00:01:20]} 48. axb4 {[%emt 00:00:07]}
Ke7 {[%emt 00:03:03]} 49. Kc4 {[%emt 00:00:43]} Kd6 {[%emt 00:00:10]} 50. Kd4
{[%emt 00:00:08]} Kc6 {[%emt 00:02:44]} 51. Ke5 {[%emt 00:01:22]} Kb5 {[%emt
00:00:01]} 52. Kf6 {[%emt 00:00:33]} Kxb4 {[%emt 00:00:05]} 53. Ke7 {[%emt
00:00:09]} Bb5 {[%emt 00:00:51]} 54. Bf7 {[%emt 00:00:17]} Bc4 {[%emt
00:01:41]} 55. Bxg6 {[%emt 00:00:36]} Kc3 {[%emt 00:00:26]} 56. Bxf5 {[%emt
00:00:53]} b5 {[%emt 00:00:05]} 57. h5 {[%emt 00:00:27]} 1-0

[Event "Leyland FIDE"]
[Site "Leyland, Lancashire"]
[Date "2019.12.14"]
[Round "1.5"]
[White "Whitehead, Mark A"]
[Black "Banerjee, Sanjoy K"]
[Result "1/2-1/2"]
[WhiteElo "1791"]
[BlackElo "1535"]

1. e4 {[%emt 00:09:04]} c6 {[%emt 00:01:01]} 2. d4 {[%emt 00:00:12]} d5 {[%emt
00:00:07]} 3. Nd2 {[%emt 00:00:08]} dxe4 {[%emt 00:00:08]} 4. Nxe4 {[%emt
00:00:08]} Nd7 {[%emt 00:00:31]} 5. Bc4 {[%emt 00:00:27]} Ngf6 {[%emt
00:04:24]} 6. Ng5 {[%emt 00:00:54]} Nd5 {[%emt 00:04:15]} 7. N1f3 {[%emt
00:08:26]} h6 {[%emt 00:02:22]} 8. Ne4 {[%emt 00:01:21]} N7f6 {[%emt 00:02:46]}
9. Qe2 {[%emt 00:01:38]} Bf5 {[%emt 00:01:18]} 10. Nxf6+ {[%emt 00:01:44]} gxf6
{[%emt 00:02:52]} 11. Nh4 {[%emt 00:02:35]} Bd7 {[%emt 00:01:27]} 12. O-O
{[%emt 00:06:59]} Qc7 {[%emt 00:06:02]} 13. g3 {[%emt 00:01:34]} O-O-O {[%emt
00:03:20]} 14. Re1 {[%emt 00:01:08]} e6 {[%emt 00:01:55]} 15. Ng2 {[%emt
00:06:04]} Bd6 {[%emt 00:02:15]} 16. Bb3 {[%emt 00:00:44]} Rdg8 {[%emt
00:02:27]} 17. c4 {[%emt 00:00:49]} Ne7 {[%emt 00:01:32]} 18. c5 {[%emt
00:00:11]} Bxg3 {[%emt 00:02:41]} 19. fxg3 {[%emt 00:00:15]} Nd5 {[%emt
00:00:23]} 20. Nf4 {[%emt 00:01:18]} Nxf4 {[%emt 00:00:23]} 21. Bxf4 {[%emt
00:00:29]} Qxf4 {[%emt 00:00:11]} 22. Qe3 {[%emt 00:00:19]} Qxe3+ {[%emt
00:01:22]} 1/2-1/2

[Event "Leyland FIDE"]
[Site "Leyland, Lancashire"]
[Date "2019.12.14"]
[Round "1.6"]
[White "Jayawarna, Tarini"]
[Black "Ashcroft, Graham J"]
[Result "0-1"]
[WhiteElo "1515"]
[BlackElo "1783"]
[PlyCount "50"]
[EventDate "2019.12.14"]

1. e4 {[%emt 0:26:03]} e6 {[%emt 0:00:07]} 2. d4 {[%emt 0:00:05]} d5 {[%emt 0:
00:05]} 3. Nc3 {[%emt 0:00:06]} Bb4 {[%emt 0:00:07]} 4. e5 {[%emt 0:00:04]} c5
{[%emt 0:00:04]} 5. a3 {[%emt 0:00:03]} Bxc3+ {[%emt 0:00:08]} 6. bxc3 {
[%emt 0:00:03]} Ne7 {[%emt 0:00:07]} 7. Qg4 {[%emt 0:00:34]} Qc7 {[%emt 0:00:
10]} 8. Bd2 {[%emt 0:05:46]} cxd4 {[%emt 0:00:27]} 9. cxd4 {[%emt 0:07:53]}
Qxc2 {[%emt 0:00:21]} 10. Rc1 {[%emt 0:01:56]} Qg6 {[%emt 0:00:51]} 11. Qf3 {
[%emt 0:06:45]} Nbc6 {[%emt 0:04:46]} 12. Ne2 {[%emt 0:06:33]} O-O {[%emt 0:03:
35]} 13. Qc3 {[%emt 0:13:37]} f6 {[%emt 0:14:50]} 14. h4 {[%emt 0:11:32]} fxe5
{[%emt 0:01:55]} 15. dxe5 {[%emt 0:02:56]} Bd7 {[%emt 0:02:27]} 16. f3 {
[%emt 0:04:01]} Rac8 {[%emt 0:01:50]} 17. Qb3 {[%emt 0:02:29]} b6 {[%emt 0:02:
16]} 18. Qb2 {[%emt 0:06:14]} Qf5 {[%emt 0:01:54]} 19. Bf4 {[%emt 0:01:22]} Ng6
{[%emt 0:05:14]} 20. g3 {[%emt 0:02:14]} Ngxe5 {[%emt 0:01:09]} 21. g4 {
[%emt 0:00:36]} Nd3+ {[%emt 0:00:50]} 22. Kd2 {[%emt 0:00:19]} Qxf4+ {[%emt 0:
01:18]} 23. Kxd3 {[%emt 0:00:35]} Qxf3+ {[%emt 0:00:18]} 24. Kd2 {[%emt 0:00:
14]} Qxh1 {[%emt 0:00:52]} 25. h5 {[%emt 0:00:47]} Rxf1 {[%emt 0:01:45]} 0-1

[Event "Leyland FIDE"]
[Site "Leyland, Lancashire"]
[Date "2019.12.14"]
[Round "1.7"]
[White "Coward, Neil"]
[Black "Pal, Rohan"]
[Result "1/2-1/2"]
[WhiteElo "1760"]
[BlackElo "1430"]

1. e4 {[%emt 00:10:09]} e5 {[%emt 00:00:15]} 2. Nf3 {[%emt 00:00:07]} Nc6
{[%emt 00:00:18]} 3. Bc4 {[%emt 00:00:05]} Bc5 {[%emt 00:00:24]} 4. O-O {[%emt
00:00:16]} Nf6 {[%emt 00:00:30]} 5. c3 {[%emt 00:00:24]} Nxe4 {[%emt 00:01:45]}
6. Bd5 {[%emt 00:00:14]} Nf6 {[%emt 00:00:53]} 7. Bxc6 {[%emt 00:00:06]} dxc6
{[%emt 00:00:35]} 8. Nxe5 {[%emt 00:00:09]} O-O {[%emt 00:00:40]} 9. d4 {[%emt
00:00:33]} Bd6 {[%emt 00:02:12]} 10. Nf3 {[%emt 00:00:51]} Bg4 {[%emt
00:01:19]} 11. h3 {[%emt 00:00:07]} Bh5 {[%emt 00:00:47]} 12. Nbd2 {[%emt
00:01:01]} c5 {[%emt 00:00:57]} 13. Qa4 {[%emt 00:00:50]} cxd4 {[%emt
00:01:36]} 14. Nxd4 {[%emt 00:00:10]} Bg6 {[%emt 00:01:36]} 15. N2f3 {[%emt
00:00:24]} a6 {[%emt 00:01:44]} 16. Bg5 {[%emt 00:01:26]} c5 {[%emt 00:01:12]}
17. Ne2 {[%emt 00:00:42]} h6 {[%emt 00:00:36]} 18. Bf4 {[%emt 00:01:35]} Qc7
{[%emt 00:00:48]} 19. Bxd6 {[%emt 00:01:23]} Qxd6 {[%emt 00:00:09]} 20. Rad1
{[%emt 00:00:10]} Qc7 {[%emt 00:00:14]} 21. Ng3 {[%emt 00:02:32]} b5 {[%emt
00:00:43]} 22. Qh4 {[%emt 00:01:20]} Rad8 {[%emt 00:01:34]} 23. Nh2 {[%emt
00:01:19]} Rfe8 {[%emt 00:01:49]} 24. Ng4 {[%emt 00:00:29]} Nxg4 {[%emt
00:01:23]} 25. Qxg4 {[%emt 00:00:35]} Qa5 {[%emt 00:04:26]} 26. a3 {[%emt
00:02:20]} Bc2 {[%emt 00:08:00]} 27. Nf5 {[%emt 00:02:33]} Bxf5 {[%emt
00:00:17]} 28. Qxf5 {[%emt 00:00:04]} Qa4 {[%emt 00:00:34]} 29. Rd7 {[%emt
00:00:06]} Rxd7 {[%emt 00:01:10]} 30. Qxd7 {[%emt 00:00:07]} Qe4 {[%emt
00:00:10]} 31. Rd1 {[%emt 00:01:22]} 1/2-1/2